000 00833nam a22002897a 4500
003 CHAP
005 20220329141546.0
008 971013s1986 r 00010 d
010 _a70118
011 _a71090
035 _a80644
040 _cCHAP
082 _a635.21
_bC38
100 0 0 _aCargill, Burton F.
_918951
245 _aEngineering for potatoes
260 _aSt. Joseph, Mich. :
_bASAE,
_c1986
300 _a644 P.
_b: ilus. ; gráfs.
500 _aD19-151
590 _aBATCH-UPD
_b10
_c20130110
_lUCH01
_h0327
590 _aCONVERSION
_b10
_c20130109
_lUCH01
_h1338
650 1 4 _aPapa.
_985165
650 1 4 _aPapa
_xAlmacenamiento.
_985167
710 0 _aAmerican Society of Agricultural Engineers.
_95291
901 _aBK
942 _cLIBRO
949 _a635.21 C38
_bBC
_cLIBRO
_d33724000250825
_eLIBRO
_h73749
_i80644
_si
999 _c70118
_d70118